Movies Quiz

Random Movies or Disney Quiz
Score 0/194 Timer 12:00
0 Plays Today
Words % Correct
a
95.7%
a
95.7%
A
95.7%
A
95.7%
a
95.7%
a
95.7%
a
95.7%
I
87.8%
I
87.8%
I
87.8%
the
83.9%
the
83.9%
the
83.9%
the
83.9%
the
83.9%
the
83.9%
the
83.9%
to
78%
to
78%
to
78%
to
78%
Heh, heh
78%
you
77.6%
you
77.6%
you
77.6%
he
73%
in
71%
in
71%
and
69.1%
and
69.1%
and
69.1%
It
68.8%
it
68.8%
It
68.8%
It
68.8%
is
68%
is
68%
is
68%
is
68%
is
68%
no
67.6%
on
67.3%
on
67.3%
on
67.3%
go!
66.6%
lamp!
65.7%
lamp,
65.7%
come
65.7%
come
65.7%
of
64.8%
of
64.8%
of
64.8%
of
64.8%
of
64.8%
be
63.2%
be
63.2%
this
61.5%
this!
61.5%
this!
61.5%
This
61.5%
this.
61.5%
This
61.5%
this
61.5%
Do
60.5%
see
58%
Words % Correct
Too
57.1%
too
57.1%
not
56.9%
not...
56.9%
not
56.9%
not
56.9%
that
56.7%
that
56.7%
man
56.5%
man
56.5%
night,
56.4%
can
55.7%
good
54.8%
good.
54.8%
Welcome
52.7%
close,
52.2%
close.
52.2%
what
51.9%
what
51.9%
what
51.9%
ordinary
50.7%
at
49%
at
49%
Will
48.6%
Will
48.6%
little
48.5%
closer!
48.4%
so
48.3%
evening
48.1%
Ah,
47.9%
Ah,
47.9%
tale?
47.9%
where
47.8%
Like
47.7%
like
47.7%
like
47.7%
Agrabah:
47.4%
who,
46.7%
don't
46.6%
diamond
46.5%
Look
46.5%
Look
46.5%
was
46.2%
have
46.1%
rough.
46%
dark
45.7%
dark
45.7%
dark
45.7%
There.
45.7%
with
45.3%
would
44.2%
would
44.2%
hear
43.7%
its
43.5%
Wait,
43.3%
but
42.8%
you're
42.5%
Salaam
41.1%
one
40.9%
broke!
40.2%
friend.
40.1%
city
39.9%
young
39.7%
young
39.7%
by
38.7%
Words % Correct
Ooh!
38.4%
once
37.8%
begins
36.7%
Please,
36.6%
please,
36.6%
down!
36.4%
break!
36.3%
interested
36.3%
more
35.9%
than
35.8%
only
35.5%
never
35.2%
inside
34.7%
life.
34.5%
fries.
34.2%
seen
34%
still
33.8%
purpose...
33.8%
many
33.5%
counts.
32.7%
these
32.7%
outside,
32.5%
Sea
32.3%
mystery,
32%
Tupperware.
31.8%
changed
31.3%
things,
31%
before.
30.9%
sale
30.8%
fooled
30.6%
Dead
30.5%
man's
30.1%
seemed.
30%
rare.
29.8%
appearance.
29.6%
makes
29.4%
coffee
29.3%
maker,
29%
finest
28.9%
course
28.8%
side
28.2%
enchantment...
28%
also
27.7%
today,
27.4%
waits,
27.1%
then,
27.1%
Yes!
26.6%
famous
26%
think
26%
Listen:
25.5%
hookah
25.4%
merchandise
24.8%
exceptionally
24.3%
Combination
24.1%
worthy
23.5%
intact
23.2%
most
22.9%
River
22.1%
Julienne
21.2%
Perhaps
20.9%
commonplace
20.9%
Jordan,
20.1%
consider
15.8%
rewarded
13.8%
Remove Ads.
Support Sporcle.
Get the best of Sporcle when you Go Orange. This ad-free experience offers more features, more stats, and more fun while also helping to support Sporcle. Thank you for becoming a member.

You're not logged in!

Compare scores with friends on all Sporcle quizzes.
OR
Log In

Show Comments

Extras

Top Quizzes Today


Score Distribution

Your Account Isn't Verified!

In order to create a playlist on Sporcle, you need to verify the email address you used during registration. Go to your Sporcle Settings to finish the process.

Report this User

Report this user for behavior that violates our Community Guidelines.

Details: